<?xml version="1.0" encoding="UTF-8"?>
<record
    xmlns:xsi="http://www.w3.org/2001/XMLSchema-instance"
    xsi:schemaLocation="http://www.loc.gov/MARC21/slim http://www.loc.gov/standards/marcxml/schema/MARC21slim.xsd"
    xmlns="http://www.loc.gov/MARC21/slim">

  <leader>00562nam a22001337a 4500</leader>
  <controlfield tag="008">180606b        xxu||||| |||| 00| 0 eng d</controlfield>
  <datafield tag="082" ind1=" " ind2=" ">
    <subfield code="a">708</subfield>
    <subfield code="b">D483d</subfield>
  </datafield>
  <datafield tag="100" ind1=" " ind2=" ">
    <subfield code="a">Guerrero, Roberto y Vargas, Sussy (Curadores)</subfield>
    <subfield code="9">6365</subfield>
  </datafield>
  <datafield tag="110" ind1=" " ind2=" ">
    <subfield code="a">Museo de Arte Costarricense</subfield>
    <subfield code="9">6366</subfield>
  </datafield>
  <datafield tag="245" ind1=" " ind2=" ">
    <subfield code="a">Detr&#xE1;s del Port&#xF3;n Rojo, Una visi&#xF3;n de la er&#xF3;tica en el arte costarricense</subfield>
  </datafield>
  <datafield tag="260" ind1=" " ind2=" ">
    <subfield code="a">San Jos&#xE9;, Costa Rica</subfield>
    <subfield code="b">Museo de Arte Costarricense</subfield>
    <subfield code="c">2017</subfield>
  </datafield>
  <datafield tag="300" ind1=" " ind2=" ">
    <subfield code="a">18 p.</subfield>
    <subfield code="b">ill (col).</subfield>
    <subfield code="c">13.8 cm.</subfield>
  </datafield>
  <datafield tag="650" ind1=" " ind2=" ">
    <subfield code="2">Arte Contempor&#xE1;neo </subfield>
    <subfield code="x">Arte - erotismo</subfield>
    <subfield code="x">Arte - exhibiciones</subfield>
    <subfield code="z">Arte - Costa Rica</subfield>
    <subfield code="9">6367</subfield>
  </datafield>
  <datafield tag="999" ind1=" " ind2=" ">
    <subfield code="c">1482</subfield>
    <subfield code="d">1482</subfield>
  </datafield>
  <datafield tag="952" ind1=" " ind2=" ">
    <subfield code="0">0</subfield>
    <subfield code="1">0</subfield>
    <subfield code="2">ddc</subfield>
    <subfield code="4">0</subfield>
    <subfield code="7">0</subfield>
    <subfield code="a">LV</subfield>
    <subfield code="b">LV</subfield>
    <subfield code="c">Eventos y Bienales</subfield>
    <subfield code="d">2018-06-06</subfield>
    <subfield code="l">0</subfield>
    <subfield code="o">708 D483d</subfield>
    <subfield code="r">2018-06-06 00:00:00</subfield>
    <subfield code="w">2018-06-06</subfield>
    <subfield code="y">01</subfield>
  </datafield>
</record>
